000 00390nam a2200121Ia 4500
008 220620s9999||||xx |||||||||||||| ||und||
245 0 _aQuality Control of Herbal Medicines and Related Areas
546 _aEnglish[eng]
650 _aComplementary medicine
700 _aShoyama, Yukihiro
856 _uhttps://mts.intechopen.com/storage/books/631/authors_book/authors_book.pdf
942 _cEB
999 _c25988
_d25988